| 000 | 01836cam a2200457 i 4500 | ||
|---|---|---|---|
| 001 | 20996035 | ||
| 005 | 20240417134559.0 | ||
| 008 | 190601s2019 enk b 001 0 eng d | ||
| 010 | _a 2019942773 | ||
| 015 |
_aGBB9D5483 _2bnb |
||
| 016 | 7 |
_a019496294 _2Uk |
|
| 020 | _a1786433109 | ||
| 020 |
_a9781786433107 _q(Hardback) |
||
| 035 | _a(OCoLC)on1084904279 | ||
| 040 |
_aYDX _beng _cYDX _erda _dUKMGB _dOCLCO _dOCLCF _dCHVBK _dOCLCO _dZYF _dOCLCO _dDLC |
||
| 042 | _alccopycat | ||
| 050 | 0 | 0 |
_aK1705 _b.R47 2019 |
| 082 | 0 | 4 |
_a341.48 _223 |
| 245 | 0 | 0 |
_aResearch handbook on labour, business, and human rights law / _cedited by Janice R. Bellace, Beryl ter Haar. |
| 264 | 1 |
_aCheltenham, UK ; _aNorthampton, MA : _bEdward Elgar Publishing, _c[2019] |
|
| 300 |
_axi, 511 pages ; _c25 cm |
||
| 336 |
_atext _btxt _2rdacontent |
||
| 365 | _bRs. 24222.00 | ||
| 490 | 1 | _aResearch handbooks in human rights | |
| 504 | _aIncludes bibliographical references and index. | ||
| 505 | 0 | _aConceptualizing labour and human rights law -- Sources in national law -- Fundamental rights -- Business and human rights. | |
| 600 | 1 | 7 |
_aArbeit, ... _2gnd |
| 650 | 0 | _aLabor laws and legislation. | |
| 650 | 0 | _aHuman rights. | |
| 650 | 7 |
_aHuman rights. _2fast _0(OCoLC)fst00963285 |
|
| 650 | 7 |
_aLabor laws and legislation. _2fast _0(OCoLC)fst00989967 |
|
| 650 | 7 |
_aArbeitsplatz _2gnd |
|
| 650 | 7 |
_aArbeitsrecht _2gnd |
|
| 650 | 7 |
_aGrundrecht _2gnd |
|
| 650 | 7 |
_aMenschenrecht _2gnd |
|
| 700 | 1 |
_aBellace, Janice R., _eeditor. |
|
| 700 | 1 |
_aHaar, B. P. ter _q(Beryl P. ter), _eeditor. |
|
| 776 | 0 | 8 |
_iOnline version: _tResearch handbook on labour, business and human rights law. _dCheltenham, UK ; Northampton, MA : Edward Elgar Publishing, [2019] _z1786433117 _w(OCoLC)1114755890 |
| 830 | 0 | _aResearch handbooks in human rights. | |
| 942 |
_2ddc _cBK |
||
| 999 |
_c212492 _d212492 |
||